La escuela en internet/ (Registro nro. 8800)
[ vista simple ]
| 000 -LEADER | |
|---|---|
| fixed length control field | 00984nam a2200193Ia 4500 |
| 005 - FECHA Y HORA DE LA ÚLTIMA TRANSACCIÓN | |
| control field | 20230729134756.0 |
| 008 - FIXED-LENGTH DATA ELEMENTS--GENERAL INFORMATION | |
| fixed length control field | 230725s9999 xx 000 0 und d |
| 020 ## - INTERNATIONAL STANDARD BOOK NUMBER | |
| International Standard Book Number | 9508082704 |
| 040 ## - CATALOGING SOURCE | |
| Original cataloging agency | UPAN |
| Transcribing agency | Biblioteca San Vicente |
| Description conventions | RCAA2 |
| 041 ## - LANGUAGE CODE | |
| Language code of text/sound track or separate title | spa |
| 082 ## - DEWEY DECIMAL CLASSIFICATION NUMBER | |
| Classification number | 371.33 |
| Item number | C937e |
| año de publicación | 2000 |
| 100 ## - MAIN ENTRY--PERSONAL NAME | |
| Personal name | Czarny, Marcela |
| Relator code | aut. |
| 245 #0 - TITLE STATEMENT | |
| Title | La escuela en internet/ |
| Remainder of title | Marcela Czarny |
| 260 ## - PUBLICATION, DISTRIBUTION, ETC. (IMPRINT) | |
| Place of publication, distribution, etc | Argentina: |
| Name of publisher, distributor, etc | HomoSapiens, |
| Date of publication, distribution, etc | 2000 |
| 300 ## - PHYSICAL DESCRIPTION | |
| Extent | 152 p.; |
| Dimensions | 23 cm. |
| 505 ## - FORMATTED CONTENTS NOTE | |
| Formatted contents note | Primera parte. Un primer acercamiento<br/>Los mitos y prejuicios acerca de internet<br/>Cómo nació y que es internet<br/>La escuela, los chicos e internet<br/>Segunda parte. Ahora vamos más despacio <br/>Internet para comunicarse <br/>Internet: una gran fuente de información <br/>Internet: como un nuevo medio de comunicación <br/>Tercera parte. Qué hace internet con la escuela y la escuela con internet <br/>Experiencias educativas<br/>Reflexiones y lineamientos pedagógicos |
| 650 ## - SUBJECT ADDED ENTRY--TOPICAL TERM | |
| Source of heading or term | LEMB |
| Topical term or geographic name as entry element | Tecnologia |
| General subdivision | Escuela |
| 942 ## - ADDED ENTRY ELEMENTS (KOHA) | |
| Koha item type | Libros |
| Source of classification or shelving scheme | Dewey Decimal Classification |
| Withdrawn status | Lost status | Source of classification or shelving scheme | Damaged status | Not for loan | Collection code | Home library | Current library | Date acquired | Total Checkouts | Full call number | Barcode | Date last seen | Copy number | Price effective from | Koha item type |
|---|---|---|---|---|---|---|---|---|---|---|---|---|---|---|---|
| Dewey Decimal Classification | Colección General | Biblioteca UPAN San Vicente | Biblioteca UPAN San Vicente | 25/07/2023 | 371.33 C937e | 12001349 | 25/07/2023 | 01 | 25/07/2023 | Libros |